Official Countries Flags - Sudden Death - Statistics

General Stats
  • This quiz has been taken 3,916 times
    383 since last reset
  • The average score is 17 of 29
Answers on the Grid
Answers color-coded by a green-red scale on the quiz's grid according to % correct below.
 
Answer Stats
Answer % Correct
Albania
95%
Algeria
88%
Bhutan
80%
Austria
78%
Chile
78%
Estonia
76%
Georgia
70%
Germany
66%
Bolivia
65%
Iceland
64%
Benin
59%
Lebanon
59%
Laos
57%
Portugal
56%
Netherlands
53%
Gabon
52%
Lesotho
52%
Fiji
50%
Maldives
50%
South Korea
50%
Madagascar
49%
Nauru
47%
Mauritius
46%
Serbia
44%
Uruguay
41%
Venezuela
39%
Turkmenistan
37%
Syria
35%
Zambia
31%
No matching quizzes found
Score Distribution
Percent of People with Each Score
Percentile by Number Answered
Your Score History
You have not taken this quiz since the last reset